000 00717nam a2200193 a 4500
003 PILC
005 20150112093446.0
008 100727s19uu xx 00 eng d
050 _aTX 911
_b.T727 1999
082 _aFil 370.113
_bT22 1999
100 _aTechnical Education and Skills Development Authority
_923989
245 _aTraining regulations :
_btourism, hotel and restaurant occupations /
250 _a1st ed.
260 _aManila, Philippines :
_bTechnical Education and Skills Development Authority,
_c1999.
300 _a426 pages :
_billustration ;
_c24 cm.
650 _aTourism - training and development
_924068
650 _aHotel and restaurant - training and development
_924069
942 _2lcc
_cBK
999 _c14903
_d14903